Oxford companion to twentieth-century literature in English

Αποθηκεύτηκε σε:
Λεπτομέρειες βιβλιογραφικής εγγραφής
Άλλοι συγγραφείς: Stringer, Jenny (Επιμελητής έκδοσης)
Μορφή: Βιβλίο
Γλώσσα:English
Δημοσίευση: Oxford : Oxford University Press, 1996
Θέματα:
Ετικέτες: Προσθήκη ετικέτας
Δεν υπάρχουν, Καταχωρήστε ετικέτα πρώτοι!

MARC

LEADER 00000nam a2200000 i 4500
001 1/64754
008 981223s1996 eng d
020 |a 0-19-212271-1 
035 |l 10047018 
040 |a GR-MY-UA  |b gre  |e aacr 
041 0 |a eng 
082 0 |a  820.3 
245 1 0 |a Oxford companion to twentieth-century literature in English /  |c edited by Jenny Stringer; with and introduction by John Sutherland 
260 |a Oxford :   |b Oxford University Press,   |c 1996 
300 |a 751 p. 
650 0 0 |a English literature  |y 20th century  |x Bio-bibliography  |x Dictionaries. 
650 0 0 |a American literature  |y 20th century  |x Bio-bibliography  |x Dictionaries. 
650 0 0 |a Commonwealth literature (English)  |x Bio-bibliography  |x Dictionaries. 
650 0 0 |a Authors, American  |y 20th century  |x Biography  |x Dictionaries. 
650 0 0 |a Authors, English  |y 20th century  |x Biography  |x Dictionaries. 
650 0 0 |a Authors, Commonwealth  |x Biography  |x Dictionaries. 
700 1 |a Stringer, Jenny.  |4 edt 
852 |a INST  |b LESVOS  |e 19981223  |h 820.3 OXF  |p 005100017467  |q 005100017467  |t REF  |y 23 
901 |a BIBL-1999-1 
909 |a Λ  |b 061717 
922 |a 1ΕΛΗ  |b 199812  |c ΚΠΣ/ΚΥΒ  |d LEADER 
950 |a 023-1998-09-14